Top 20 Most Famous Elements - Statistics

General Stats
  • This quiz has been taken 1,134 times
  • The average score is 14 of 20
Answer Stats
% Element % Correct
94 Oxygen
95%
97 Hydrogen
93%
89 Gold
90%
94 Helium
88%
87 Silver
87%
90 Carbon
86%
84 Nitrogen
83%
80 Iron
74%
78 Neon
70%
79 Sodium
67%
77 Copper
65%
76 Magnesium
61%
78 Potassium
61%
76 Lithium
59%
72 Boron
58%
70 Aluminium
56%
72 Argon
56%
71 Chlorine
52%
67 Sulfur
50%
67 Fluorine
32%
No matching quizzes found
Score Distribution
Percent of People with Each Score
Percentile by Number Answered
Your Score History
You have not taken this quiz